HANDBOOK OF ANALYTICAL DERIVATIZATION REACTIONS (Record no. 1217548)

MARC details
000 -LEADER
fixed length control field 00400nam a2200157Ia 4500
008 - FIXED-LENGTH DATA ELEMENTS--GENERAL INFORMATION
fixed length control field 260316s2010 xx 000 0 und d
020 ## - INTERNATIONAL STANDARD BOOK NUMBER
International Standard Book Number 9788126524952
041 ## - LANGUAGE CODE
Language code of text/sound track or separate title eng
082 ## - DEWEY DECIMAL CLASSIFICATION NUMBER
Classification number KNA
100 ## - MAIN ENTRY--PERSONAL NAME
Personal name KNAPP DANIEL R.
245 ## - TITLE STATEMENT
Title HANDBOOK OF ANALYTICAL DERIVATIZATION REACTIONS
250 ## - EDITION STATEMENT
Edition statement 1ST
260 ## - PUBLICATION, DISTRIBUTION, ETC.
Place of publication, distribution, etc. NEW DELHI
Name of publisher, distributor, etc. WILEY INDIA PVT. LTD.
Date of publication, distribution, etc. 2010
300 ## - PHYSICAL DESCRIPTION
Extent 741p
650 ## - SUBJECT ADDED ENTRY--TOPICAL TERM
Topical term or geographic name entry element REFERENCE
Holdings
Withdrawn status Lost status Damaged status Not for loan Home library Current library Date acquired Total Checkouts Barcode Date last seen Price effective from Koha item type
        College of Pharmacy, Navi Mumbai College of Pharmacy, Navi Mumbai 13/03/2026   PCM-M-2576 17/03/2026 17/03/2026 Book